000 00279nam a22001337a 4500
008 181102b xxu||||| |||| 00| 0 eng d
020 _a0314471634
041 _aeng
080 _a101
100 _a24
101 _aFIL
245 _aMoral Choices
_cGrcic,J
942 _2udc
_cBK
999 _c51760
_d51760